000 01115nam a2200337 i 4500
001 42576
003 ES-MaACL
005 20250830085955.0
007 t|
008 030407s2002 sp |||| | spa j
017 _aB 1616-2002
_bOficina Depósito Legal Barcelona
020 _a847901802X
040 _cES-MaACL
080 _a323.28(73)
080 _a929 Chomsky, Noam (047.53)
100 1 _aChomsky, Noam,
_d1928-
_938607
_eaut
240 _a9-11
245 1 0 _a11-09-2001 /
_cNoam Chomsky ; traducción de Carmen Aguilar.
250 _aSegunda edición
260 _aBarcelona :
_bRBA,
_c2002.
300 _a141 páginas ;
_c22 cm.
600 1 4 _aChomsky, Noam,
_d1928-
_vEntrevistas
_938608
650 7 _aAtentados del 11 de septiembre, Estados Unidos, 2001
_2embne
_910401
650 7 _aEntrevistas
_9233598
_2embne
700 1 _aAguilar, Carmen
_918685
_etrl
852 _aES-MaACL
_jL-26211
_944151
_cDEPO2
_bR.131391
_xEncuadernación rústica con solapas
942 _cMONOGRAFIA
_n0
999 _c42576
_d42576